000 01801nam a22002895a 4500
003 EG-ScBUE
005 20220328121952.0
008 190506s2018 ua f 000 f ara d
017 _a2010 / 24917
020 _a9789770929599
040 _aEG-ScBUE
_bara
_erda
_cEG-ScBUE
_dEG-ScBUE
082 0 4 _a892.736
_bق ن د
_222
100 1 _aقنديل، محمد المنسي،
_eمؤلف.
245 1 0 _aقمر على سمرقند :
_bرواية /
_cمحمد المنسي قنديل.
250 _aالطبعة الثامنة.
264 1 _aالقاهرة :
_bدار الشروق،
_c2018.
300 _a458 صفحة ؛
_c22 سم
336 _2rdacontent
_aنص
_btxt
337 _2rdamedia
_aبدون وسيط
_bn
338 _2rdacarrier
_aمجلد
_bnc
520 _aعندما يقوم «علي» الطبيب المصري الشاب برحلة إلى مدينة «سمرقند»، بحثًا عن سر قديم ويتقابل مع رجل أسطوري هو «نور الله» الذي يقود سيارته ويوجه مصيره، ويخوضان معًا مغامرة في أماكن مدهشة.. وتأخذ الرحلة أيضًا بعدها في الزمان فتستكشف بعضًا من ماضي هذه الأرض الغضة والغنية بالتاريخ والأساطير، وتخوض في تعقيدات الحاضر بكل ما فيه من مؤامرات وعنف وجنس. إنها رواية تستكشف أرضًا جديدة وتخوض في تضاريس لم تصل إليها الرواية العربية من قبل، وتطرح أسئلة تتعلق بالهوية والذات والمصير الإنساني.
650 7 _aالقصص العربية
_yقرن 21.
_2BUEsh
651 _2BUEsh
653 _bARALIT
_bGGEN
_cMay2019
655 _vReading book
_934232
942 _2ddc
999 _c27436
_d27407